000 01459nab a2200241 i 4500
001 768714001
003 CO-MdFUSB
005 20240517083825.0
008 240517t1972 sp ||||| |||| 00| 0 spa d
040 _bspa
_cCO-MdFUSB
_dCO-MdFUSB
041 _aspa
100 _aOhlig, Karl-Heinz,
_eautor
245 _aObjetivos teológicos de la reforma de la Iglesia
_c/ Karl-Heinz Ohlig ; traducido por J. Rey Marcos
520 _aLa reforma de la Iglesia, de que tanto se habla, se entiende con frecuencia de manera unilateral desde el aspecto de una acomodación de las estructuras, la predicación, el lenguaje y la doctrina eclesiástica a las formas de la sociedad moderna. Cuando se habla de aggiornamento (Juan XXIII) se piensa en una reforma de las estructuras eclesiásticas, anticuadas e inmóviles a lo largo de los siglos. Por eso los enemigos de la reforma descalifican fácilmente todos estos intentos como si no fueran más que una especie de modernismo, de moda terminológica o de adaptación frívola e inconsistente.
650 7 _aTeología pastoral
_9227
650 7 _aCristología
_9239
650 7 _aIglesia
_9655
653 _aReforma de la Iglesia
700 _aRey Marcos, J.,
_etraductor
773 0 _049450
_982641
_oR2563
_tRevista internacional de teología Concilium
_w(CO-MdFUSB)8
_x0210-1041
_gNúmero 73, (marzo, 1972), páginas: 338 - 350
_qpágina: 338
942 _cANA
945 _aCatherine Arias Alvarez - Practicante SENA
999 _c69760
_d69760